| 000 | 00942nam a2200241 i 4500 | ||
|---|---|---|---|
| 001 | 169125 | ||
| 003 | ES-MaACL | ||
| 005 | 20250830232244.0 | ||
| 008 | 080819s1955 sp f |||| | spa d | ||
| 080 | _a327(73) | ||
| 100 | 1 |
_aGil Munilla, Octavio. _956848 |
|
| 245 | 1 | 0 |
_aExplicación histórica del aislacionismo norteamericano / _cOctavio Gil Munilla. |
| 260 |
_aMadrid : _bAteneo, _c1955. |
||
| 300 |
_a68 p. : _b1 lám. ; _c19 cm. |
||
| 490 | 1 |
_aColección "O crece o muere" ; _v91 |
|
| 500 | _aEl original fue dado a conocer por el autor en la campaña de colaboración cultural entre los Ateneos de España durante el curso 1954-55. | ||
| 610 | 2 | 7 |
_aAteneo de Madrid- _vConferencias- _y1940-1982. _91908 |
| 651 | 4 |
_aEstados Unidos- _xPolítica exterior- _yS.XX _98551 |
|
| 830 | 0 | 0 |
_aColección "O crece o muere" _v91 _9183476 |
| 852 |
_aES-MaACL _jJ-24(91) |
||
| 852 |
_aES-MaACL _jJ-25(91) |
||
| 999 |
_c169125 _d169125 |
||